POWER SYSTEM PROTECTION AND SWITCHGEAR (Record no. 5566)

MARC details
000 -LEADER
fixed length control field 00440nam a22001697a 4500
005 - DATE AND TIME OF LATEST TRANSACTION
control field 20170916105705.0
008 - FIXED-LENGTH DATA ELEMENTS--GENERAL INFORMATION
fixed length control field 170916b xxu||||| |||| 00| 0 eng d
020 ## - INTERNATIONAL STANDARD BOOK NUMBER
ISBN 978-0-07-107774-3
041 ## - LANGUAGE CODE
Language code of text/sound track or separate title eng
082 ## - DEWEY DECIMAL CLASSIFICATION NUMBER
Classification number 621.317
100 ## - MAIN ENTRY--AUTHOR NAME
Personal name RAM, BADRI VISHWAKARMA
245 ## - TITLE STATEMENT
Title POWER SYSTEM PROTECTION AND SWITCHGEAR
250 ## - EDITION STATEMENT
Edition statement 2nd
260 ## - PUBLICATION, DISTRIBUTION, ETC. (IMPRINT)
Place of publication NEW DELHI
Name of publisher MC GRAW HILL EDUCATION PVT. LTD
Year of publication 2011
300 ## - PHYSICAL DESCRIPTION
Number of Pages 669p.
942 ## - ADDED ENTRY ELEMENTS (KOHA)
Koha item type Books
Holdings
Lost status Damaged status Home library Current library Shelving location Date acquired Source of acquisition Cost, normal purchase price Full call number Accession Number Koha item type Collection code
    JRU Library   SHELF-36-D 16/09/2017 PURCHESS 565.00 621.317 21914 Books  
    JRU Library   SHELF-36-D 16/09/2017 PURCHESS 565.00 621.317 21915 Books  
    JRU Library   SHELF-6-B 16/09/2017 PURCHESS 565.00 621.317 21916 Books  
    JRU Library   SHELF-36-D 16/09/2017 PURCHESS 565.00 621.317 21917 Books  
    JRU Library   SHELF-60-E 16/09/2017 PURCHESS 565.00 621.317 21918 Books Reference